000 00973aam a2200373 4500
005 20251105183737.0
008 150304b2001 xxu||||| |||| 00| 0 spa d
020 _a9781608317462
041 _aESP
082 _a611.314 S318a8
100 _aScheide, Rickne
100 _aWeiss, Gabriela
245 _aAnatomía dental
260 _aEstados Unidos
260 _bWalters Kluwer
260 _c2012
300 _a504 páginas
300 _bIlustraciones a color
490 _aMecánica Dental
650 _aANATOMÍA DENTAL
650 _aMORFOLOGÍA DENTAL
650 _aANATOMÍA PERIODENTAL
650 _aCANINOS PERMANENTES
650 _aPREMORALES
650 _aMOLARES PERMANENTES
650 _aDENTICIÓN PRIMARIA
650 _aOCLUSIÓN FUNCIONAL
650 _aMALACLUSIÓN
650 _aTRATAMIENTOS DE LOS DIENTES
650 _aANOMOLIAS DENTALES
650 _aODONTOLOGÍA FORENSE
650 _aCAVIDAD BUCAL
942 _cBK
_2ddc
999 _c8431
_d8431